Statistics for Born in Bakersfield/California

Click here to take the quiz!

General Stats

  • This quiz has been taken 11 times
    (4 since last reset)
  • The average score is 3 of 7

Answer Stats

HintAnswer% Correct
Republican politician, speaker of the House of Representatives from January 2023 to October 2023 and the first speaker to ever be removed from the role during a legislative session1965Kevin McCarthy
100%
Former quarterback and first overall pick by the Houston Texans in the 2002 NFL Draft1979David Carr
67%
Quarterback who plays for the Green Bay Packers1998Jordan Love
67%
Pitcher who plays for the Milwaukee Brewers1994Corbin Burnes
33%
Actor, known for his role as Commander Chakotay in "Star Trek: Voyager"1953Robert Beltran
33%
Wrestler, he won the gold medal at the 2012 Olympics1986Jake Varner
0%
Defensive end who plays for the New York Giants1994Leonard Williams
0%

Score Distribution

Percentile by Number Answered

Percent of People with Each Score

Your Score History

You have not taken this quiz since the last reset